000 00365nam a2200145Ia 4500
008 230312s9999||||xx |||||||||||||| ||und||
020 _a9781119453864
082 _a006.754
_bABR-F
100 _aCarucci,John
245 0 _aGoPro® cameras for dummies®
260 _bWiley
_aUSA
_c2018
300 _a410
650 _aComputer
_vOnline social networks
942 _cBK
999 _c18100
_d18100